Statistiques concernant Les 100 marques les plus puissantes en 2022

Cliquez ici pour prendre le quiz!

Statistiques générales

  • Ce quiz a été pris 338 fois
  • Le résultat moyen est 24 sur 100

Statistiques - réponses

Hint59Réponse% Correct
1Apple
88%
5Samsung
82%
10Nike
77%
42Adidas
74%
84Mi
73%
4Google
69%
3Amazon
67%
2Microsoft
65%
14Louis Vuitton
63%
17Facebook
62%
8Mercedes-Benz
61%
75Ferrari
59%
12Tesla
58%
7Coca-Cola
54%
46Audi
53%
13BMW
53%
77Dior
51%
22Chanel
49%
30Gucci
49%
11McDonald's
47%
16Instagram
45%
53Porsche
45%
39SONY
43%
6Toyota
41%
47Zara
40%
50Ford
38%
86Huawei
38%
94KFC
36%
56H&M
33%
32Pepsi
33%
25Youtube
33%
9Disney
29%
67Nestlé
29%
40Netflix
27%
68Nintendo
27%
26Honda
25%
62HP
24%
28Ikea
23%
70Spotify
20%
87Kia
19%
61Nissan
19%
35Hyundai
18%
73Danone
17%
64Red Bull
17%
100Sephora
17%
89Prada
16%
95Heineken
15%
19Intel
14%
33GE
13%
38PayPal
13%
18IBM
12%
59Philips
12%
74Cartier
11%
60Ebay
11%
85Jack Daniel's
11%
63Lego
11%
51Subway
11%
37VISA
11%
29UPS
10%
54Air BNB
9%
43AXA
9%
97Canon
9%
99Mini
9%
21Adobe
8%
65HSBC
8%
78Kellogg's
8%
98Land Rover
8%
52Pampers
8%
91Panasonic
8%
34Allianz
7%
80Corona
7%
82DHL
7%
79FedEx
7%
71Gillette
7%
41Mastercard
7%
45Nescafé
7%
27American Express
6%
81Linked in
6%
55Siemens
6%
15Cisco
5%
72Colgate
5%
93Hennessy
5%
693M
4%
44Budweiser
4%
83CAT
4%
49Goldman Sachs
4%
24J.P.Morgan
4%
76Santander
4%
20SAP
4%
57Citi
3%
58L'Oréal Paris
3%
88Tiffany & Co
3%
48Wolkswagen
3%
31Accenture
2%
23Hermes Paris
2%
92Johnson & Johnson
2%
66Morgan Stanley
2%
36Sales Force
2%
96Burberry London England
0%
90Hewlett Packard Enterprise
0%

Distribution des résultats

Percentile par nombre de réponses

% des personnes avec chaque résultat

Votre développement - résultats

Vous n’avez pas pris ce quiz